000 01058nam a2200229Ia 4500
003 Ost
005 20260507075521.0
008 260507s9999||||xx |||||||||||||| ||und||
020 _a9789947046517
040 _cfsecg
041 _aara
082 _a519.2
100 _aتيلولت، سامية ،
_eمؤلف
245 0 _aالإحتمالات /
_c سامية تيلولت
260 _aالجزائر :
_bدار الحديث للكتاب للطباعة والنشر والتوزيع,
_c2016
300 _a351 صفحة؛
_bإيضاحات ؛
_c23 سم
504 _aبيبليوغرافيا: ص ص.350-351 الملاحق ص.331
520 _aيضم هذا الكتاب مبادئ نظرية الإحتمالات، المتحولات العشوائية، قوانين التوزيع الإحتمالي للمتحول العشوائي، سلسلة تمارين محلولة للأعمال الموجهة ونماذج للإمتحانات مع الحلول.
653 _aالإحتمالات
653 _aالرياضيات
942 _cكتاب
999 _c44775
_d44775